Marketing a jeho postavenie v období podnikovej krízy

Kríza podniku a jej príčiny. Trojuholník podnikových tažkostí. Signály krízy. Komunikácia medzi podnikom a trhom. Marketing a podniková kríza.

Na minha lista:
Detalhes bibliográficos
Autor principal: Neumannová, Anna
Formato: Capítulo de Livro
Idioma:eslovaco
Assuntos:
Tags: Adicionar Tag
Sem tags, seja o primeiro a adicionar uma tag!

MARC

LEADER 00000naa$a2200000$$$4500
001 0001512
005 20230907084814.1
041 0 |a slo 
044 |a SK 
245 1 0 |a Marketing a jeho postavenie v období podnikovej krízy  |c aut. Anna Neumannová 
520 |a Kríza podniku a jej príčiny. Trojuholník podnikových tažkostí. Signály krízy. Komunikácia medzi podnikom a trhom. Marketing a podniková kríza. 
610 2 0 |a služby 
610 2 0 |a podnik 
610 2 0 |a kríza podniku 
610 2 0 |a komunikácia 
610 2 0 |a manažéri 
610 2 0 |a marketing 
610 2 0 |a trh 
100 1 |a Neumannová, Anna